000
00329nam a22001457a 4500
008
221014b ||||| |||| 00| 0 eng d
020
_a
9781578014071
041
_a
eng
080
_2
3RD EDITION
_a
610.73
082
_a
610.73 MELL
100
_a
9
101
_a
INF
245
_a
HOME HEALTH NURSING
_c
MELLO S
942
_2
udc
_c
BK
999
_c
58562
_d
58562